La teste leur tourne.

Bibliographic Details
Format: Book
Language:French
Published: [France?] : [publisher not identified], [1771?]
Subjects:

MARC

Tag First Indicator Second Indicator Subfields
LEADER 00000nam a2200000 i 4500
001 in00004415721
005 20210702113022.0
008 210701s1771 fr b 000 0 fre d
035 |a (OCoLC)on1258390634 
040 |a TXA  |b eng  |e rda  |c TXA 
035 |a (OCoLC)1258390634 
043 |a e-fr--- 
050 4 |a KJV3754  |b .T48 1771 
049 |a TXAM 
245 0 3 |a La teste leur tourne. 
264 1 |a [France?] :  |b [publisher not identified],  |c [1771?] 
300 |a 38 pages, 2 unnumbered pages ;  |c 18 cm 
336 |a text  |b txt  |2 rdacontent 
337 |a unmediated  |b n  |2 rdamedia 
338 |a volume  |b nc  |2 rdacarrier 
500 |a With a half-title. 
500 |a The Cushing Library/Dawson French copy is bound with: Le confiteor d'un ci-devant avocat qui n'etoit pas du commun. [Place of publication not identified : publisher not identified, 17--?] -- Procés-verbal de ce qui s'est passe au lit de justice. [Paris : Imprimerie royale, 1771]--Lettre de M. de C** a M. de St****. [Place of publication not identified : publisher not identified, 1771?] -- L'Edit du roi, portant réglement pour la procédure. [Paris : P.G. Simon, 1771?] -- La teste leur tourne. [Place of publication not identified : publisher not identified, 17--?] -- Discours de M. le premier president e la chambre des communes du caffe de Duboisson. [Place of publication not identified : publisher not identified, 17--?] -- Observations sur l'ecrit intitule Protestation des princes. [Place of publication not identified : publisher not identified, 17--? ]-- Tres-humbles et tres-respectueuses remonstrances de la communaute des clercs au palais. [Place of publication not identified : publisher not identified, 17--?] -- Proces-verbal de ce qui s'est passe au lit de justice. [Paris : Imprimerie royale, 1770] -- Protestations et arrete des dames. [Place of publication not identified : publisher not identified, 1771?].  |5 TXA 
504 |a Includes bibliographical references. 
650 0 |a Parlements (French courts)  |v Early works to 1800. 
650 0 |a Monarchy  |z France  |v Early works to 1800. 
651 0 |a France  |x Politics and government  |y 1715-1774. 
655 7 |a Pamphlets.  |2 aat 
948 |a cataloged  |b h  |c 2021/7/2  |d o  |e fpiscitelli  |f 11:30:02 am 
994 |a C0  |b TXA 
999 f f |s 3baaba27-b853-3931-932d-534db6ca0fe4  |i 71e130c6-f46e-31b4-8a8c-685ca552b171  |t 0 
952 f f |p noncirc  |a Texas A&M University  |b College Station  |c Cushing Memorial Library & Archives  |d Cushing: Dawson French (Does not check out)  |t 0  |e DC133.4 .C66 1771  |h Library of Congress classification  |i unmediated -- volume 
952 f f |a Texas A&M University  |b College Station  |c Cushing Memorial Library & Archives  |d Cushing: Dawson French (Does not check out)  |t 0  |e DC133.4 .C66 1771  |h Library of Congress classification 
998 f f |a DC133.4 .C66 1771  |t 0  |l Cushing: Dawson French (Does not check out)